000 00642nam a2200229Ia 4500
005 20260115173624.0
008 008 260114s9999 xx 000 0 eng d
020 _a9781139163910
037 _aEBOOK
040 _aCRL
_beng
_cCRL
041 _aeng
_2eng
084 _qCRL
100 _aSandler/Lillo-Martin
_9889043
245 0 _aSign Language and Linguistic Universals
260 _bCambridge University Press
260 _bCambridge University Press
260 _c2006
650 _aLanguage and Linguistics
_9889044
856 _uhttps://doi.org/10.1017/CBO9781139163910
942 _cEBOOK
999 _c1486223
_d1486223